000 00298nam a2200109 4500
999 _c10577
_d10577
008 180906b ||||| |||| 00| 0 eng d
245 _aBSP foils threats to website security.
260 _aPhilippines
_bManila Bulletin
_cc2016
300 _apage B1.
650 0 _930975
_aInternet.
942 _2ddc
_cPER